In pruritu carnis : l'equivoco cristiano /

Enregistré dans:
Détails bibliographiques
Auteur principal: Spadaro, Giuseppe Aziz, (1934-2018) (Auteur)
Format: Livre
Langue:italien
Publié: Roma : Fabio Croce, stampa 2005
Collection:OffSide
Tags: Ajouter un tag
Pas de tags, Soyez le premier à ajouter un tag!

MARC

LEADER 00000nam a22000007i 4500
001 IT\ICCU\IEI\0240522
003 ItRI
005 20260202125000.0
008 051114s2005 it |||||| ||||| |||||c
020 |a 8889337141 
040 |b ita  |c ct 
041 7 |a ita  |2 ISO-639-2 
100 1 |a Spadaro, Giuseppe Aziz,  |d  (1934-2018)  |0 IT\ICCU\RMLV\013403  |4 aut 
245 1 0 |a In pruritu carnis :  |b l'equivoco cristiano /  |c Giuseppe A. Spadaro. 
260 |a Roma :  |b Fabio Croce,  |c stampa 2005 
300 |a 159 p. ;  |c 21 cm. 
830 0 |a OffSide  |0 IT\ICCU\RMS\0086921 
942 |2 ddc  |c BK 
952 |0 0  |1 0  |2 ddc  |4 0  |7 0  |9 7292  |a MI  |b MI  |d 2010-02-03  |i 5802  |l 0  |p CDOM5802  |r 2025-07-13 16:28:00  |w 2025-07-13  |x ACQUISTO  |y BK 
952 |0 0  |1 0  |4 0  |6 DOC_858_920000000000000_SPA  |7 0  |9 18309  |a BO  |b BO  |d 2026-01-15  |i 14025  |l 0  |o DOC 858.920 SPA  |p BO14025  |r 2026-01-15 23:19:57  |w 2026-01-15  |x [Sebina 5] [1 v.]  |y BK  |z 1 v. 
999 |c 5998  |d 5998